000 01055pam a2200325 a 4500
001 3417334
003 81-317-1152-8
005 20211214123211.0
008 900910r19901987njua 001 0 eng
010 _a 90048626
020 _a8131711528
038 _akhadija
040 _aDLC
_cDLC
_dDLC
050 0 0 _aTS183
_b.N44 1990
082 0 0 _a670
_220
_bMOD
100 1 _aNeely, John.
_986582
245 1 0 _aModern materials and manufacturing processes /
_cKibbe, Richard R.
260 _aEnglewood Cliffs, N.J. :
_bPrentice Hall,
_c[1990], c1987.
300 _axii, 479 p. :
_bill. ;
_c29 cm.
500 _aHardcover.
500 _aIncludes index.
563 _apaperback
650 0 _aManufacturing processes.
_914649
650 0 _aMaterials.
_91466
650 0 _aMetal-work.
_986583
700 1 _aKibbe, Richard R.
_986584
906 _a7
_bcbc
_corignew
_d1
_eocip
_f19
_gy-gencatlg
942 _2ddc
_cBK
_h670
999 _c31616
_d31616